Private Ermittlungen und ihre Bedeutung auf dem Gebiet der Beweisverwertungsverbote

Gespeichert in:  
Bibliographische Detailangaben
1. VerfasserIn: Bienert, Anja 19XX- (Verfasst von)
Medienart: Druck Buch
Sprache:Deutsch
Veröffentlicht: Aachen Shaker 1997
In:Jahr: 1997
Ausgabe:Als Ms. gedr.
Verfügbarkeit prüfen: HBZ Gateway
Subito Bestelldienst: Jetzt bestellen.
Schlagwörter:

MARC

LEADER 00000cam a2200000 c 4500
001 238090787
003 DE-627
005 20250120014713.0
007 tu
008 971223s1997 gw ||||| m 00| ||ger c
015 |a 98,N01,0291  |2 dnb 
015 |a 98,A09,0397  |2 dnb 
016 7 |a 952310244  |2 DE-101 
020 |a 3826556119  |9 3-8265-5611-9 
035 |a (DE-627)238090787 
035 |a (DE-576)063674378 
035 |a (DE-599)GBV238090787 
035 |a (OCoLC)75824769 
035 |a (OCoLC)75824769 
040 |a DE-627  |b ger  |c DE-627  |e rakwb 
041 |a ger 
044 |c XA-DE 
084 |a 19  |2 sdnb 
084 |a PH 4850  |2 rvk  |0 (DE-625)rvk/136155: 
084 |a 86.36  |2 bkl 
100 1 |8 1\p  |a Bienert, Anja  |d 19XX-  |0 (DE-588)122106892X  |0 (DE-627)1738122239  |4 aut 
109 |a Bienert, Anja 19XX- 
245 1 0 |a Private Ermittlungen und ihre Bedeutung auf dem Gebiet der Beweisverwertungsverbote  |c Anja Bienert 
250 |a Als Ms. gedr. 
263 |a Pb. : DM 74.00, sfr 79.00, S 519.00 
264 1 |a Aachen  |b Shaker  |c 1997 
300 |a XXII, 185 S  |c 21 cm 
336 |a Text  |b txt  |2 rdacontent 
337 |a ohne Hilfsmittel zu benutzen  |b n  |2 rdamedia 
338 |a Band  |b nc  |2 rdacarrier 
490 0 |a Berichte aus der Rechtswissenschaft 
502 |a Zugl.: Köln, Univ., Diss., 1997 
583 1 |a Archivierung prüfen  |c 20240324  |f DE-4165  |z 3  |2 pdager 
655 7 |a Hochschulschrift  |0 (DE-588)4113937-9  |0 (DE-627)105825778  |0 (DE-576)209480580  |2 gnd-content 
689 0 0 |d s  |0 (DE-588)4195378-2  |0 (DE-627)105212334  |0 (DE-576)210100702  |a Beweisverwertungsverbot  |2 gnd 
689 0 1 |d s  |0 (DE-588)4070924-3  |0 (DE-627)104501367  |0 (DE-576)209182296  |a Ermittlung  |2 gnd 
689 0 2 |d s  |0 (DE-588)4134791-2  |0 (DE-627)10566989X  |0 (DE-576)209655305  |a Privater  |2 gnd 
689 0 |5 DE-101 
751 |a Köln  |0 (DE-588)4031483-2  |0 (DE-627)106265458  |0 (DE-576)208992669  |4 uvp 
883 |8 1\p  |a cgwrk  |d 20241001  |q DE-101  |u https://d-nb.info/provenance/plan#cgwrk 
935 |i Blocktest 
936 r v |a PH 4850  |b Allgemeines, auch Beweisverbote  |k Rechtswissenschaft  |k Strafrecht, Strafverfahrensrecht, Kriminologie  |k Strafverfahrensrecht  |k Beweisrecht  |k Allgemeines, auch Beweisverbote  |0 (DE-627)127173866X  |0 (DE-625)rvk/136155:  |0 (DE-576)20173866X 
936 b k |a 86.36  |j Strafprozessrecht  |0 (DE-627)106413570 
951 |a BO 
ELC |b 1 
LOK |0 000 xxxxxcx a22 zn 4500 
LOK |0 001 3227908077 
LOK |0 003 DE-627 
LOK |0 004 238090787 
LOK |0 005 20151116135742 
LOK |0 008 150728||||||||||||||||ger||||||| 
LOK |0 035   |a (DE-21-110)kd58113 
LOK |0 040   |a DE-21-110  |c DE-627  |d DE-21-110 
LOK |0 689   |a s  |a Beweisverwertungsverbote 
LOK |0 852   |z Kein Bestand am IfK; Nachweis für KrimDok 
LOK |0 852   |a DE-21-110 
LOK |0 852 1  |9 00 
LOK |0 935   |a k110 
LOK |0 939   |a 28-07-15  |b l01 
ORI |a SA-MARC-krimdoka001.raw